000 00266nam a22001097a 4500
008 230619b xxu||||| |||| 00| 0 eng d
082 _a297
_bARN
245 _aThe Legacy of Islam
260 _aLondon
_bOxford University Press
_c1931
300 _a416p
942 _2ddc
_cBK
999 _c1245
_d1245